| 000 | 00925cab a2200289 4500 | ||
|---|---|---|---|
| 001 | ABS55504 | ||
| 008 | 090401t1996 xxu||||| |||| 00| 0 eng d | ||
| 035 | _a(Sirsi) u17008 | ||
| 041 | _aeng | ||
| 100 | _aHarwood, R. | ||
| 245 | _aModernising archaeology | ||
| 260 | _c1996 | ||
| 350 | _a0 | ||
| 490 |
_aEstates Gazette _v(9630) 27 July 1996, 86-87(2) |
||
| 520 | _aExamines recent proposals to modernise archaeological protection, bringing it in line with planning control and giving extensive responsibilities to local authorities. | ||
| 650 | _aANCIENT MONUMENTS AND ARCHAEOLOGICAL AREAS ACT 1978 | ||
| 650 | _aANCIENT MONUMENTS | ||
| 650 | _aARCHAEOLOGICAL SITES | ||
| 650 | _aLOCAL AUTHORITIES | ||
| 650 | _aMONUMENTS PROTECTION PROGRAMME | ||
| 650 | _aPLANNING CONTROL | ||
| 650 | _aPPG16 | ||
| 690 | _aCONSERVATION | ||
| 690 | _aPLANNING LAW AND PRACTICE | ||
| 942 | _n0 | ||
| 948 | _c04/03/1997 | ||
| 999 |
_c11267 _d11267 |
||